000 00855cam a2200289 4500
008 090401t1998 xxu||||| |||| 00| 0 eng d
020 _a011753465X
035 _a(Sirsi) u85451
041 _aeng
050 _a690.0212
110 _aUnited Kingdom
_bDepartment of the Environment, Transport and the Regions
_93507
245 _aDigest of data for the construction industry. - 1998
260 _aLondon
_bStationery Office
_c1998
350 _a45
650 _aBUILT ENVIRONMENT-BUILDING COSTS
650 _aCONSTRUCTION INDUSTRY
650 _aEMPLOYMENT
650 _aFLOORSPACE STATISTICS
650 _aHEALTH AND SAFETY
_96244
650 _aLOCAL AUTHORITIES
650 _aPLANNING APPLICATIONS
650 _aPRIVATE FINANCE INITIATIVE
650 _aSTATISTICS
690 _aBUILT ENVIRONMENT
942 _n0
948 _c06/04/1998
999 _c97040
_d97040